[Event "Benidorm Satellite preliminary"]
[Site "playchess.com #007036"]
[Date "2009.10.24"]
[Round "6"]
[White "Hauberk"]
[Black "AndreevSt"]
[Result "1-0"]
[WhiteElo "2405"]
[BlackElo "1972"]
[PlyCount "49"]
[EventDate "2009.10.24"]
[EventType "swiss (blitz)"]

1. e4 {[%emt 0:00:02]} c6 {[%emt 0:00:10]} 2. d4 {[%emt 0:00:01]} d5 {[%emt 0:
00:00]} 3. Nc3 {[%emt 0:00:01]} dxe4 {[%emt 0:00:01]} 4. Nxe4 {[%emt 0:00:01]}
Nd7 {[%emt 0:00:00]} 5. Bc4 {[%emt 0:00:02]} Ngf6 {[%emt 0:00:01]} 6. Ng5 {
[%emt 0:00:01]} e6 {[%emt 0:00:01]} 7. Qe2 {[%emt 0:00:01]} Nb6 {[%emt 0:00:01]
} 8. Bd3 {[%emt 0:00:01]} h6 {[%emt 0:00:02]} 9. N5f3 {[%emt 0:00:06]} c5 {
[%emt 0:00:01]} 10. dxc5 {[%emt 0:00:03]} Bxc5 {[%emt 0:00:00]} 11. Bd2 {[%emt
0:00:02]} Bd7 {[%emt 0:00:07]} 12. Ne5 {[%emt 0:00:04]} Qc7 {[%emt 0:00:09]}
13. O-O-O {[%emt 0:00:04]} Ba4 {[%emt 0:00:48]} 14. Kb1 {[%emt 0:00:23]} O-O-O
{[%emt 0:00:03]} 15. f4 {[%emt 0:00:08]} Nbd5 {[%emt 0:00:22]} 16. Ngf3 {[%emt
0:00:04]} Rhe8 {[%emt 0:00:08]} 17. b3 {[%emt 0:00:13]} Ba3 {[%emt 0:00:35]}
18. bxa4 {[%emt 0:00:13]} Qb6+ {[%emt 0:00:04]} 19. Bb5 {[%emt 0:00:01]} a6 {
[%emt 0:00:02]} 20. Nc4 {[%emt 0:00:01]} Qc5 {[%emt 0:00:09]} 21. Bxe8 {[%emt
0:00:01]} Rxe8 {[%emt 0:00:10]} 22. Nfe5 {[%emt 0:00:22]} Re7 {[%emt 0:00:18]}
23. Nxa3 {[%emt 0:00:11]} Qxa3 {[%emt 0:00:02]} 24. c4 {[%emt 0:00:11]} Nb6 {
[%emt 0:00:11]} 25. Qe3 {[%emt 0:00:02] AndreevSt resigns} 1-0

[Event "Benidorm Satellite preliminary"]
[Site "playchess.com #007036"]
[Date "2009.10.24"]
[Round "6"]
[White "Yoborjamari"]
[Black "Palmolive"]
[Result "1-0"]
[WhiteElo "2164"]
[BlackElo "2430"]
[PlyCount "55"]
[EventDate "2009.10.24"]
[EventType "swiss (blitz)"]

1. Nf3 {[%emt 0:00:05]} Nf6 {[%emt 0:00:02]} 2. g3 {[%emt 0:00:01]} g6 {[%emt
0:00:01]} 3. Bg2 {[%emt 0:00:01]} Bg7 {[%emt 0:00:00]} 4. O-O {[%emt 0:00:01]}
O-O {[%emt 0:00:01]} 5. d4 {[%emt 0:00:01]} d5 {[%emt 0:00:01]} 6. c4 {[%emt 0:
00:01]} c6 {[%emt 0:00:01]} 7. Nc3 {[%emt 0:00:02]} dxc4 {[%emt 0:00:01]} 8.
Ne5 {[%emt 0:00:02]} Ng4 {[%emt 0:00:01]} 9. Nxg4 {[%emt 0:00:06]} Bxg4 {[%emt
0:00:01]} 10. h3 {[%emt 0:00:04]} Be6 {[%emt 0:00:12]} 11. e3 {[%emt 0:00:13]}
Bf5 {[%emt 0:00:02]} 12. e4 {[%emt 0:00:03]} Bc8 {[%emt 0:00:03]} 13. d5 {
[%emt 0:00:02]} e6 {[%emt 0:00:24]} 14. a4 {[%emt 0:00:14]} exd5 {[%emt 0:00:
17]} 15. exd5 {[%emt 0:00:01]} Bf5 {[%emt 0:00:01]} 16. g4 {[%emt 0:00:05]} Bd3
{[%emt 0:00:01]} 17. Re1 {[%emt 0:00:09]} cxd5 {[%emt 0:00:05]} 18. Nxd5 {
[%emt 0:00:04]} Nc6 {[%emt 0:00:02]} 19. a5 {[%emt 0:00:06]} Nxa5 {[%emt 0:00:
13]} 20. Bd2 {[%emt 0:00:17]} Nc6 {[%emt 0:00:24]} 21. Bc3 {[%emt 0:00:15]}
Bxc3 {[%emt 0:00:48]} 22. bxc3 {[%emt 0:00:04]} Kg7 {[%emt 0:00:01]} 23. Qf3 {
[%emt 0:00:07]} Qd6 {[%emt 0:00:15]} 24. g5 {[%emt 0:00:05]} Rad8 {[%emt 0:00:
20]} 25. Qg4 {[%emt 0:00:06]} Bf5 {[%emt 0:00:16]} 26. Qh4 {[%emt 0:00:02]} Rh8
{[%emt 0:00:11]} 27. Qh6+ {[%emt 0:00:04]} Kg8 {[%emt 0:00:02]} 28. Nf6+ {
[%emt 0:00:01] Palmolive resigns} 1-0

[Event "Benidorm Satellite preliminary"]
[Site "playchess.com #007036"]
[Date "2009.10.24"]
[Round "6"]
[White "Knetterbernd"]
[Black "Henrik"]
[Result "1-0"]
[WhiteElo "2220"]
[BlackElo "1838"]
[PlyCount "59"]
[EventDate "2009.10.24"]
[EventType "swiss (blitz)"]

1. e4 {[%emt 0:00:00]} d6 {[%emt 0:00:02]} 2. d4 {[%emt 0:00:01]} Nf6 {[%emt 0:
00:01]} 3. Nc3 {[%emt 0:00:01]} g6 {[%emt 0:00:01]} 4. f4 {[%emt 0:00:02]} Bg7
{[%emt 0:00:01]} 5. Nf3 {[%emt 0:00:01]} O-O {[%emt 0:00:01]} 6. Bd3 {[%emt 0:
00:01]} Nbd7 {[%emt 0:00:07]} 7. e5 {[%emt 0:00:02]} Ne8 {[%emt 0:00:06]} 8.
O-O {[%emt 0:00:04]} c5 {[%emt 0:00:05]} 9. dxc5 {[%emt 0:00:26]} Nxc5 {[%emt
0:00:02]} 10. Be3 {[%emt 0:00:14]} Nxd3 {[%emt 0:00:03]} 11. cxd3 {[%emt 0:00:
05]} Bg4 {[%emt 0:00:11]} 12. d4 {[%emt 0:00:03]} Qa5 {[%emt 0:00:10]} 13. h3 {
[%emt 0:00:04]} Bxf3 {[%emt 0:00:02]} 14. Qxf3 {[%emt 0:00:00]} Rb8 {[%emt 0:
00:09]} 15. Nd5 {[%emt 0:00:05]} Qd8 {[%emt 0:00:06]} 16. Rac1 {[%emt 0:00:07]}
e6 {[%emt 0:00:03]} 17. Nc3 {[%emt 0:00:01]} d5 {[%emt 0:00:04]} 18. g4 {[%emt
0:00:06]} f5 {[%emt 0:00:08]} 19. g5 {[%emt 0:00:07]} Nc7 {[%emt 0:00:06]} 20.
h4 {[%emt 0:00:02]} Rf7 {[%emt 0:00:02]} 21. h5 {[%emt 0:00:02]} Bf8 {[%emt 0:
00:06]} 22. Rf2 {[%emt 0:00:02]} Na6 {[%emt 0:00:10]} 23. Rh2 {[%emt 0:00:15]}
Qd7 {[%emt 0:00:03]} 24. Qh3 {[%emt 0:00:04]} gxh5 {[%emt 0:00:27]} 25. Qxh5 {
[%emt 0:00:02]} Rg7 {[%emt 0:00:04]} 26. Rhc2 {[%emt 0:00:13]} Rc8 {[%emt 0:00:
05]} 27. Nxd5 {[%emt 0:00:13]} Qxd5 {[%emt 0:00:15]} 28. Rxc8 {[%emt 0:00:02]}
Qd7 {[%emt 0:00:27]} 29. Qe8 {[%emt 0:00:07]} Qf7 {[%emt 0:00:25]} 30. d5 {
[%emt 0:00:02] Henrik gibt auf} 1-0

[Event "Benidorm Satellite preliminary"]
[Site "playchess.com #007036"]
[Date "2009.10.24"]
[Round "6"]
[White "Us6"]
[Black "TheMaster15"]
[Result "1-0"]
[WhiteElo "2549"]
[BlackElo "2365"]
[PlyCount "73"]
[EventDate "2009.10.24"]
[EventType "swiss (blitz)"]

1. d4 {[%emt 0:00:01]} Nf6 {[%emt 0:00:01]} 2. c4 {[%emt 0:00:01]} c5 {[%emt 0:
00:01]} 3. d5 {[%emt 0:00:01]} d6 {[%emt 0:00:00]} 4. Nc3 {[%emt 0:00:01]} g6 {
[%emt 0:00:00]} 5. e4 {[%emt 0:00:01]} Bg7 {[%emt 0:00:00]} 6. Nf3 {[%emt 0:00:
01]} O-O {[%emt 0:00:01]} 7. h3 {[%emt 0:00:00]} e6 {[%emt 0:00:01]} 8. Bd3 {
[%emt 0:00:01]} exd5 {[%emt 0:00:01]} 9. cxd5 {[%emt 0:00:00]} Nbd7 {[%emt 0:
00:03]} 10. O-O {[%emt 0:00:01]} a6 {[%emt 0:00:01]} 11. Bf4 {[%emt 0:00:01]}
Qe7 {[%emt 0:00:04]} 12. a4 {[%emt 0:00:01]} Nh5 {[%emt 0:00:10]} 13. Bh2 {
[%emt 0:00:01]} Ne5 {[%emt 0:00:01]} 14. Be2 {[%emt 0:00:01]} Nxf3+ {[%emt 0:
00:08]} 15. Bxf3 {[%emt 0:00:00]} Nf6 {[%emt 0:00:01]} 16. Re1 {[%emt 0:00:01]}
Nd7 {[%emt 0:00:01]} 17. Bg4 {[%emt 0:00:11]} Rb8 {[%emt 0:00:39]} 18. f4 {
[%emt 0:00:05]} b5 {[%emt 0:00:09]} 19. axb5 {[%emt 0:00:19]} axb5 {[%emt 0:00:
00]} 20. e5 {[%emt 0:00:02]} dxe5 {[%emt 0:00:08]} 21. d6 {[%emt 0:00:07]} Qd8
{[%emt 0:00:41]} 22. fxe5 {[%emt 0:00:12]} Qg5 {[%emt 0:00:14]} 23. Ne4 {[%emt
0:00:05]} Qd8 {[%emt 0:00:06]} 24. Bxd7 {[%emt 0:00:07]} Bxd7 {[%emt 0:00:04]}
25. Nxc5 {[%emt 0:00:01]} Qb6 {[%emt 0:00:04]} 26. b4 {[%emt 0:00:01]} Ra8 {
[%emt 0:00:16]} 27. Kh1 {[%emt 0:00:09]} Bc6 {[%emt 0:00:03]} 28. Qd4 {[%emt 0:
00:08]} Qd8 {[%emt 0:00:16]} 29. Bf4 {[%emt 0:00:10]} Qh4 {[%emt 0:00:06]} 30.
Kh2 {[%emt 0:00:04]} g5 {[%emt 0:00:27]} 31. Be3 {[%emt 0:00:02]} Qh5 {[%emt 0:
00:05]} 32. Bf2 {[%emt 0:00:13] .} f5 {[%emt 0:00:01]} 33. d7 {[%emt 0:00:07]}
Rad8 {[%emt 0:00:04]} 34. Ra6 {[%emt 0:00:06]} Ba8 {[%emt 0:00:04]} 35. Ne6 {
[%emt 0:00:06]} Bb7 {[%emt 0:00:03]} 36. Nxd8 {[%emt 0:00:02]} Bxa6 {[%emt 0:
00:01]} 37. Ne6 {[%emt 0:00:02] TheMaster15 gibt auf} 1-0

[Event "Benidorm Satellite preliminary"]
[Site "playchess.com #007036"]
[Date "2009.10.24"]
[Round "6"]
[White "Vijayvikram"]
[Black "LA ROSA ANGEL"]
[Result "0-1"]
[WhiteElo "1768"]
[BlackElo "1620"]
[PlyCount "62"]
[EventDate "2009.10.24"]
[EventType "swiss (blitz)"]

1. e4 {[%emt 0:00:02]} e6 {[%emt 0:00:01]} 2. d3 {[%emt 0:00:01]} d5 {[%emt 0:
00:02]} 3. Nd2 {[%emt 0:00:01]} Nf6 {[%emt 0:00:01]} 4. Ngf3 {[%emt 0:00:01]}
Be7 {[%emt 0:00:05]} 5. g3 {[%emt 0:00:02]} c5 {[%emt 0:00:03]} 6. c3 {[%emt 0:
00:03]} Nc6 {[%emt 0:00:01]} 7. e5 {[%emt 0:00:20]} Nd7 {[%emt 0:00:03]} 8. d4
{[%emt 0:00:01]} b6 {[%emt 0:00:02]} 9. Bb5 {[%emt 0:00:09]} Bb7 {[%emt 0:00:
01]} 10. O-O {[%emt 0:00:03]} O-O {[%emt 0:00:04]} 11. Re1 {[%emt 0:00:02]} Rc8
{[%emt 0:00:18]} 12. Bf1 {[%emt 0:00:14]} cxd4 {[%emt 0:00:05]} 13. cxd4 {
[%emt 0:00:02]} Nb4 {[%emt 0:00:01]} 14. Rb1 {[%emt 0:00:34]} Ba6 {[%emt 0:00:
08]} 15. Bxa6 {[%emt 0:00:03]} Nxa6 {[%emt 0:00:05]} 16. a3 {[%emt 0:00:02]}
Qc7 {[%emt 0:00:04]} 17. Nb3 {[%emt 0:00:33]} Qc2 {[%emt 0:00:02]} 18. Be3 {
[%emt 0:00:06]} Qxd1 {[%emt 0:00:04]} 19. Rexd1 {[%emt 0:00:01]} Rc2 {[%emt 0:
00:01]} 20. Rbc1 {[%emt 0:00:03]} Rfc8 {[%emt 0:00:00]} 21. Rxc2 {[%emt 0:00:
02]} Rxc2 {[%emt 0:00:01]} 22. Bc1 {[%emt 0:00:17]} Nab8 {[%emt 0:00:02]} 23.
Ne1 {[%emt 0:00:06]} Rc4 {[%emt 0:00:11]} 24. Be3 {[%emt 0:00:08]} h5 {[%emt 0:
00:18]} 25. h4 {[%emt 0:00:02]} Na6 {[%emt 0:00:08]} 26. Nd2 {[%emt 0:00:03]}
Rc7 {[%emt 0:00:06]} 27. Kf1 {[%emt 0:00:33]} Ndb8 {[%emt 0:00:04]} 28. Ke2 {
[%emt 0:00:03]} Nc6 {[%emt 0:00:07]} 29. Kd3 {[%emt 0:00:03]} Na5 {[%emt 0:00:
01]} 30. b3 {[%emt 0:00:13]} Bxa3 {[%emt 0:00:05]} 31. Rb1 {[%emt 0:00:05]} Bb4
{[%emt 0:00:04] Time} 0-1

[Event "Benidorm Satellite preliminary"]
[Site "playchess.com #007036"]
[Date "2009.10.24"]
[Round "6"]
[White "Rubirov"]
[Black "Juckel"]
[Result "1/2-1/2"]
[WhiteElo "1497"]
[BlackElo "1522"]
[PlyCount "46"]
[EventDate "2009.10.24"]
[EventType "swiss (blitz)"]

1. e4 {[%emt 0:00:02]} e5 {[%emt 0:00:01]} 2. Nf3 {[%emt 0:00:02]} Nc6 {[%emt
0:00:01]} 3. Bb5 {[%emt 0:00:04]} Nge7 {[%emt 0:00:10]} 4. O-O {[%emt 0:00:03]}
g6 {[%emt 0:00:02]} 5. c3 {[%emt 0:00:07]} Bg7 {[%emt 0:00:01]} 6. Re1 {[%emt
0:00:05]} O-O {[%emt 0:00:03]} 7. d4 {[%emt 0:00:10]} d5 {[%emt 0:00:08]} 8.
dxe5 {[%emt 0:00:10]} Nxe5 {[%emt 0:00:06]} 9. Nxe5 {[%emt 0:00:04]} Bxe5 {
[%emt 0:00:02]} 10. exd5 {[%emt 0:00:05]} Qd6 {[%emt 0:00:05]} 11. g3 {[%emt 0:
00:16]} Bh3 {[%emt 0:00:08]} 12. Bf1 {[%emt 0:00:02]} Bxf1 {[%emt 0:00:06]} 13.
Kxf1 {[%emt 0:00:16]} Nxd5 {[%emt 0:00:31]} 14. Nd2 {[%emt 0:00:06]} Rad8 {
[%emt 0:00:03]} 15. Nc4 {[%emt 0:00:03]} Qa6 {[%emt 0:00:26]} 16. Qe2 {[%emt 0:
00:11]} Bg7 {[%emt 0:00:19]} 17. Ne3 {[%emt 0:00:31]} Qxe2+ {[%emt 0:00:32]}
18. Rxe2 {[%emt 0:00:04]} Rfe8 {[%emt 0:00:24]} 19. Nxd5 {[%emt 0:00:24]} Rxe2
{[%emt 0:00:02]} 20. Kxe2 {[%emt 0:00:18]} Rxd5 {[%emt 0:00:01]} 21. Bf4 {
[%emt 0:00:04]} c6 {[%emt 0:00:05]} 22. Rd1 {[%emt 0:00:05]} Rxd1 {[%emt 0:00:
08]} 23. Kxd1 {[%emt 0:00:01]} f5 {[%emt 0:00:00] Juckel bietet Remis} 1/2-1/2

[Event "Benidorm Satellite preliminary"]
[Site "playchess.com #007036"]
[Date "2009.10.24"]
[Round "6"]
[White "Schachriese"]
[Black "God of chess"]
[Result "1-0"]
[WhiteElo "2551"]
[BlackElo "1924"]
[PlyCount "81"]
[EventDate "2009.10.24"]
[EventType "swiss (blitz)"]

1. e4 {[%emt 0:00:02]} e5 {[%emt 0:00:01]} 2. Bc4 {[%emt 0:00:02]} Nf6 {[%emt
0:00:04]} 3. d3 {[%emt 0:00:01]} Bc5 {[%emt 0:00:01]} 4. Nc3 {[%emt 0:00:01]}
Nc6 {[%emt 0:00:01]} 5. f4 {[%emt 0:00:01]} Bd4 {[%emt 0:00:18]} 6. Nf3 {[%emt
0:00:06]} Bxc3+ {[%emt 0:00:01]} 7. bxc3 {[%emt 0:00:01]} exf4 {[%emt 0:00:01]}
8. Bxf4 {[%emt 0:00:09]} d5 {[%emt 0:00:02]} 9. exd5 {[%emt 0:00:02]} Nxd5 {
[%emt 0:00:00]} 10. Bg5 {[%emt 0:00:07]} Qd6 {[%emt 0:00:09]} 11. O-O {[%emt 0:
00:01]} O-O {[%emt 0:00:03]} 12. Qd2 {[%emt 0:00:07]} Be6 {[%emt 0:00:04]} 13.
Kh1 {[%emt 0:00:04]} Nb6 {[%emt 0:00:01]} 14. Bb3 {[%emt 0:00:14]} a5 {[%emt 0:
00:03]} 15. Rae1 {[%emt 0:00:05]} Rfe8 {[%emt 0:00:02]} 16. Bf4 {[%emt 0:00:04]
} Qd7 {[%emt 0:00:02]} 17. Ng5 {[%emt 0:00:09]} Bd5 {[%emt 0:00:24]} 18. Be3 {
[%emt 0:00:15]} h6 {[%emt 0:00:04]} 19. Nxf7 {[%emt 0:00:32]} Qxf7 {[%emt 0:00:
24]} 20. Rxf7 {[%emt 0:00:03]} Bxf7 {[%emt 0:00:00]} 21. h3 {[%emt 0:00:15]} a4
{[%emt 0:00:06]} 22. Bxf7+ {[%emt 0:00:02]} Kxf7 {[%emt 0:00:02]} 23. Bxb6 {
[%emt 0:00:02]} cxb6 {[%emt 0:00:02]} 24. Qf2+ {[%emt 0:00:01]} Kg8 {[%emt 0:
00:03]} 25. Rxe8+ {[%emt 0:00:01]} Rxe8 {[%emt 0:00:00]} 26. Qxb6 {[%emt 0:00:
01]} Re7 {[%emt 0:00:05]} 27. Qc5 {[%emt 0:00:04]} Kf7 {[%emt 0:00:10]} 28.
Qc4+ {[%emt 0:00:02]} Kf6 {[%emt 0:00:02]} 29. Qxa4 {[%emt 0:00:01]} Ne5 {
[%emt 0:00:03]} 30. Qf4+ {[%emt 0:00:02]} Ke6 {[%emt 0:00:02]} 31. c4 {[%emt 0:
00:03]} g5 {[%emt 0:00:02]} 32. Qe4 {[%emt 0:00:01]} Kf6 {[%emt 0:00:02]} 33.
Qd5 {[%emt 0:00:13]} h5 {[%emt 0:00:04]} 34. Qd6+ {[%emt 0:00:04]} Re6 {[%emt
0:00:01]} 35. Qf8+ {[%emt 0:00:02]} Kg6 {[%emt 0:00:01]} 36. Qg8+ {[%emt 0:00:
05]} Kf5 {[%emt 0:00:02]} 37. Qh7+ {[%emt 0:00:02]} Ng6 {[%emt 0:00:17]} 38.
Qf7+ {[%emt 0:00:13]} Rf6 {[%emt 0:00:03]} 39. Qd5+ {[%emt 0:00:02]} Kf4 {
[%emt 0:00:02]} 40. Kh2 {[%emt 0:00:14]} h4 {[%emt 0:00:16]} 41. Qe4# {[%emt 0:
00:02]} 1-0

[Event "Benidorm Satellite preliminary"]
[Site "playchess.com #007036"]
[Date "2009.10.24"]
[Round "6"]
[White "Came On"]
[Black "Matematika"]
[Result "1-0"]
[WhiteElo "2614"]
[BlackElo "2057"]
[PlyCount "135"]
[EventDate "2009.10.24"]
[EventType "swiss (blitz)"]

1. d4 {[%emt 0:00:02]} f5 {[%emt 0:00:02]} 2. Nf3 {[%emt 0:00:01]} Nf6 {[%emt
0:00:01]} 3. c4 {[%emt 0:00:00]} g6 {[%emt 0:00:03]} 4. Nc3 {[%emt 0:00:00]} d5
{[%emt 0:00:03]} 5. Bg5 {[%emt 0:00:01]} e6 {[%emt 0:00:05]} 6. cxd5 {[%emt 0:
00:03]} exd5 {[%emt 0:00:02]} 7. Bxf6 {[%emt 0:00:02]} Qxf6 {[%emt 0:00:03]} 8.
Nxd5 {[%emt 0:00:01]} Qd6 {[%emt 0:00:09]} 9. Nc3 {[%emt 0:00:02]} Bg7 {[%emt
0:00:04]} 10. e3 {[%emt 0:00:01]} Be6 {[%emt 0:00:05]} 11. Qa4+ {[%emt 0:00:04]
} c6 {[%emt 0:00:02]} 12. Be2 {[%emt 0:00:04]} O-O {[%emt 0:00:03]} 13. Bc4 {
[%emt 0:00:02]} Nd7 {[%emt 0:00:11]} 14. Bxe6+ {[%emt 0:00:02]} Qxe6 {[%emt 0:
00:01]} 15. Qb3 {[%emt 0:00:00]} Qxb3 {[%emt 0:00:05]} 16. axb3 {[%emt 0:00:00]
} f4 {[%emt 0:00:05]} 17. e4 {[%emt 0:00:01]} Rfe8 {[%emt 0:00:09]} 18. O-O {
[%emt 0:00:01]} c5 {[%emt 0:00:02]} 19. Rfd1 {[%emt 0:00:05]} cxd4 {[%emt 0:00:
02]} 20. Nxd4 {[%emt 0:00:01]} Nc5 {[%emt 0:00:06]} 21. Ndb5 {[%emt 0:00:01]}
Nxb3 {[%emt 0:00:07]} 22. Rab1 {[%emt 0:00:04]} a6 {[%emt 0:00:03]} 23. Nc7 {
[%emt 0:00:01]} Rac8 {[%emt 0:00:11]} 24. Nxe8 {[%emt 0:00:01]} Rxe8 {[%emt 0:
00:01]} 25. Rd7 {[%emt 0:00:03]} b5 {[%emt 0:00:05]} 26. Rbd1 {[%emt 0:00:01]}
b4 {[%emt 0:00:02]} 27. Nd5 {[%emt 0:00:02]} Nc5 {[%emt 0:00:11]} 28. Ra7 {
[%emt 0:00:08]} Nxe4 {[%emt 0:00:04]} 29. Nxb4 {[%emt 0:00:01]} Bxb2 {[%emt 0:
00:10]} 30. Rxa6 {[%emt 0:00:03]} Bc3 {[%emt 0:00:06]} 31. Nd5 {[%emt 0:00:03]}
Bg7 {[%emt 0:00:07]} 32. h4 {[%emt 0:00:02]} Nc5 {[%emt 0:00:08]} 33. Nf6+ {
[%emt 0:00:06]} Bxf6 {[%emt 0:00:04]} 34. Rxf6 {[%emt 0:00:00]} Ne6 {[%emt 0:
00:05]} 35. Re1 {[%emt 0:00:03]} Ng7 {[%emt 0:00:05]} 36. Rxe8+ {[%emt 0:00:00]
} Nxe8 {[%emt 0:00:01]} 37. Rxf4 {[%emt 0:00:01]} Kg7 {[%emt 0:00:01]} 38. g3 {
[%emt 0:00:01]} Nf6 {[%emt 0:00:01]} 39. Rd4 {[%emt 0:00:01]} h5 {[%emt 0:00:
03]} 40. Kg2 {[%emt 0:00:01]} Ng4 {[%emt 0:00:03]} 41. Re4 {[%emt 0:00:04]} Kf6
{[%emt 0:00:02]} 42. f3 {[%emt 0:00:02]} Nh6 {[%emt 0:00:01]} 43. Ra4 {[%emt 0:
00:03]} Nf5 {[%emt 0:00:02]} 44. Kf2 {[%emt 0:00:00]} Ke5 {[%emt 0:00:04]} 45.
Ra5+ {[%emt 0:00:08]} Kf6 {[%emt 0:00:02]} 46. f4 {[%emt 0:00:09]} Nh6 {[%emt
0:00:04]} 47. Kf3 {[%emt 0:00:05]} Nf5 {[%emt 0:00:02]} 48. Ra6+ {[%emt 0:00:
07]} Kg7 {[%emt 0:00:01]} 49. Ra3 {[%emt 0:00:04]} Nd4+ {[%emt 0:00:02]} 50.
Ke4 {[%emt 0:00:03]} Nf5 {[%emt 0:00:03]} 51. Ke5 {[%emt 0:00:01]} Kh6 {[%emt
0:00:02]} 52. Kf6 {[%emt 0:00:02]} Nd4 {[%emt 0:00:05]} 53. Ra8 {[%emt 0:00:04]
} Kh7 {[%emt 0:00:03]} 54. Ra7+ {[%emt 0:00:01]} Kh6 {[%emt 0:00:01]} 55. Rg7 {
[%emt 0:00:02]} Ne2 {[%emt 0:00:14]} 56. Rxg6+ {[%emt 0:00:01]} Kh7 {[%emt 0:
00:00]} 57. Rg5 {[%emt 0:00:01]} Kh6 {[%emt 0:00:02]} 58. f5 {[%emt 0:00:01]}
Nc3 {[%emt 0:00:02]} 59. Rg6+ {[%emt 0:00:01]} Kh7 {[%emt 0:00:01]} 60. Kg5 {
[%emt 0:00:01]} Ne4+ {[%emt 0:00:07]} 61. Kxh5 {[%emt 0:00:01]} Nf2 {[%emt 0:
00:01]} 62. g4 {[%emt 0:00:01]} Nh3 {[%emt 0:00:04]} 63. Ra6 {[%emt 0:00:10]}
Nf4+ {[%emt 0:00:02]} 64. Kg5 {[%emt 0:00:00]} Nh3+ {[%emt 0:00:01]} 65. Kf6 {
[%emt 0:00:01]} Nf4 {[%emt 0:00:02]} 66. g5 {[%emt 0:00:03]} Nh5+ {[%emt 0:00:
02]} 67. Kf7 {[%emt 0:00:01]} Ng7 {[%emt 0:00:01]} 68. Rh6# {[%emt 0:00:01]}
1-0

[Event "Benidorm Satellite preliminary"]
[Site "playchess.com #007036"]
[Date "2009.10.24"]
[Round "6"]
[White "Kingsize"]
[Black "Öschi"]
[Result "1-0"]
[WhiteElo "1430"]
[BlackElo "1760"]
[PlyCount "97"]
[EventDate "2009.10.24"]
[EventType "swiss (blitz)"]

1. e4 {[%emt 0:00:03]} c6 {[%emt 0:00:01]} 2. d4 {[%emt 0:00:02]} d5 {[%emt 0:
00:00]} 3. exd5 {[%emt 0:00:01]} cxd5 {[%emt 0:00:01]} 4. c4 {[%emt 0:00:01]}
Nf6 {[%emt 0:00:01]} 5. Nc3 {[%emt 0:00:01]} e6 {[%emt 0:00:00]} 6. Nf3 {[%emt
0:00:01]} Bb4 {[%emt 0:00:01]} 7. Be2 {[%emt 0:00:01]} Nc6 {[%emt 0:00:01]} 8.
O-O {[%emt 0:00:01]} dxc4 {[%emt 0:00:00]} 9. Bxc4 {[%emt 0:00:02]} O-O {[%emt
0:00:01]} 10. Be3 {[%emt 0:00:01]} a6 {[%emt 0:00:02]} 11. a3 {[%emt 0:00:02]}
Be7 {[%emt 0:00:04]} 12. Qe2 {[%emt 0:00:08]} b5 {[%emt 0:00:01]} 13. Bd3 {
[%emt 0:00:03]} Ng4 {[%emt 0:00:01]} 14. Bb1 {[%emt 0:00:03]} Bb7 {[%emt 0:00:
06]} 15. h3 {[%emt 0:00:02]} Nf6 {[%emt 0:00:01]} 16. Qd3 {[%emt 0:00:04]} g6 {
[%emt 0:00:09]} 17. Ne5 {[%emt 0:00:30]} Nxe5 {[%emt 0:00:03]} 18. dxe5 {[%emt
0:00:03]} Qxd3 {[%emt 0:00:01]} 19. Bxd3 {[%emt 0:00:01]} Nd5 {[%emt 0:00:01]}
20. Nxd5 {[%emt 0:00:03]} Bxd5 {[%emt 0:00:01]} 21. Rac1 {[%emt 0:00:07]} Rac8
{[%emt 0:00:01]} 22. Bd4 {[%emt 0:00:11]} Bg5 {[%emt 0:00:04]} 23. Rxc8 {[%emt
0:00:08]} Rxc8 {[%emt 0:00:02]} 24. f4 {[%emt 0:00:09]} Be7 {[%emt 0:00:03]}
25. Kf2 {[%emt 0:00:03]} Bc4 {[%emt 0:00:07]} 26. Ke3 {[%emt 0:00:04]} Bxd3 {
[%emt 0:00:02]} 27. Kxd3 {[%emt 0:00:01]} Rd8 {[%emt 0:00:01]} 28. Ke3 {[%emt
0:00:14]} Rc8 {[%emt 0:00:03]} 29. Rf2 {[%emt 0:00:04]} Kf8 {[%emt 0:00:06]}
30. g4 {[%emt 0:00:07]} Ke8 {[%emt 0:00:01]} 31. f5 {[%emt 0:00:21]} Bg5+ {
[%emt 0:00:12]} 32. Kd3 {[%emt 0:00:20]} Kd7 {[%emt 0:00:11]} 33. fxe6+ {[%emt
0:00:12]} Kxe6 {[%emt 0:00:03]} 34. Bc3 {[%emt 0:00:13]} Rd8+ {[%emt 0:00:09]}
35. Ke4 {[%emt 0:00:01]} Rd1 {[%emt 0:00:02]} 36. Rh2 {[%emt 0:00:15]} Rf1 {
[%emt 0:00:13]} 37. Kd3 {[%emt 0:00:25]} Bf4 {[%emt 0:00:03]} 38. Re2 {[%emt 0:
00:06]} Rf3+ {[%emt 0:00:02]} 39. Ke4 {[%emt 0:00:02]} Rf1 {[%emt 0:00:07] '}
40. h4 {[%emt 0:00:05]} Bg3 {[%emt 0:00:02]} 41. h5 {[%emt 0:00:02]} Rf4+ {
[%emt 0:00:01]} 42. Ke3 {[%emt 0:00:03]} Rxg4 {[%emt 0:00:01]} 43. Kf3 {[%emt
0:00:02]} Rg5 {[%emt 0:00:04]} 44. hxg6 {[%emt 0:00:01]} hxg6 {[%emt 0:00:02]}
45. Rg2 {[%emt 0:00:03]} Bxe5 {[%emt 0:00:08]} 46. Rxg5 {[%emt 0:00:02]} Bxc3 {
[%emt 0:00:02]} 47. bxc3 {[%emt 0:00:01]} f6 {[%emt 0:00:00]} 48. Rc5 {[%emt 0:
00:01]} Kd6 {[%emt 0:00:01]} 49. Rc8 {[%emt 0:00:03] Öschi gibt auf} 1-0